[Event "Seville-ch"]
[Site "Seville"]
[Date "2013.01.31"]
[Round "6"]
[White "Espinosa Luna, Jose Manuel"]
[Black "Garcia Cava, Juan"]
[Result "0-1"]
[WhiteElo "1892"]
[BlackElo "1996"]
[PlyCount "54"]
[EventDate "2013.01.26"]
[EventType "swiss"]
[EventRounds "6"]
[EventCountry "ESP"]
[SourceTitle "EXT 2014"]
[Source "ChessBase"]
[SourceDate "2013.11.20"]
[SourceVersion "1"]
[SourceVersionDate "2013.11.20"]
[SourceQuality "1"]

1. b4 Nf6 2. Bb2 g6 3. e4 d6 4. f4 Bg7 5. Bc4 0-0 6. d3 d5 7. e5 dxc4 8. exf6 exf6 9. d4 Qe7+ 10. Ne2 Re8 11. Nbc3 Bg4 12. Qd2 Qxb4 13. 0-0-0 Bxe2 14. Rhe1 Na6 15. Rxe2 Rad8 16. Rde1 Rxe2 17. Qxe2 Qd6 18. g3 f5 19. Nb5 Qd5 20. Nc3 Qd7 21. Qxc4 Bxd4 22. Kb1 c5 23. a4 Nb4 24. Rd1 Qe7 25. Ba3 a5 26. Bxb4 axb4 27. Nd5 Qe6 0-1

[Event "Seville-ch"]
[Site "Seville"]
[Date "2013.01.29"]
[Round "4"]
[White "Montiel Dominguez, Jose Luis"]
[Black "Garcia Cava, Juan"]
[Result "1/2-1/2"]
[WhiteElo "1910"]
[BlackElo "1996"]
[PlyCount "45"]
[EventDate "2013.01.26"]
[EventType "swiss"]
[EventRounds "6"]
[EventCountry "ESP"]
[SourceTitle "EXT 2014"]
[Source "ChessBase"]
[SourceDate "2013.11.20"]
[SourceVersion "1"]
[SourceVersionDate "2013.11.20"]
[SourceQuality "1"]

1. e4 c6 2. d4 d5 3. Nd2 dxe4 4. Nxe4 Nf6 5. Nxf6+ gxf6 6. Bc4 Bf5 7. c3 Qc7 8. Qf3 Bg6 9. Ne2 Nd7 10. Bf4 e5 11. Bg3 0-0-0 12. 0-0 h5 13. h4 Bd6 14. a4 f5 15. dxe5 Nxe5 16. Bxe5 Bxe5 17. Rad1 Qe7 18. g3 Rdg8 19. Nd4 f4 20. Nxc6 bxc6 21. Qxc6+ Qc7 22. Qa8+ Qb8 23. Qc6+ 1/2-1/2